BIBLIOTHÈQUE DE LA MAISON DU MEXIQUE

Logo 1 Logo 2

Nueva historiografía política del México moderno (notice nᵒ 11647)

détails MARC
000 -Sello discográfico
campo de control de longitud fija 00798nam a2200253 4500
005 - Identificación de versión
campo de control 20251016083652.0
035 ## - Otros números de control del sistema
Número de control del sistema 6354
099 ## - fechas locales
Tipo de ítem Koha LIBRO
100 ## - Datos de procesamiento general
Datos de procesamiento general 20040917d1966 m y1spay5003 ba
105 ## - Campo de datos codificados: Material textual, monográfico
Datos codificados de monografía y 001zy
200 1# - Título y mención de responsabilidad
Título propio Nueva historiografía política del México moderno
Designación general del material texto impreso
Primer mención de responsabilidad Daniel Cosío Villegas
210 ## - Publicación, distribución, etc.
Lugar de publicación, distribución, etc. México
Nombre del editor, distribuidor, etc. Editorial del Colegio Nacional
Fecha de publicación, distribución, etc. 1966
215 ## - Descripción física
Designación de material específico y extensión del ítem 176 p
Dimensiones 24 cm
300 ## - Notas generales
Texto de la nota Sobretiro de la Memoria de El Colegio Nacional
345 ## - Nota de información de adquisición
Fuente de adquisición/dirección de la suscripción [OBSOLETO] Donación
410 #1 - Series
Título Memoria de El Colegio Nacional
Número de volumen Tomo V, Núm. 4, Año de 1965
607 ## - Nombre geográfico utilizado como tema
Elemento de entrada México
Subdivisión temática Historia
-- Bibliografía
Número Koha 1546
660 ## - Código de área geográfica
Código MX
700 ## - Nombre personal - Responsabilidad primaria
Elemento de entrada Cosío Villegas
Parte del nombre distinta del elemento de entrada Daniel
Fechas 1898-1976
Número Koha 7476
801 #0 - Fuente de origen
Agencia cm
942 ## - ELEMENTOS DE ENTRADA SECUNDARIOS (KOHA)
Tipo de ítem Koha Livre
Exemplaires
Estatus retirado Estado de daño Estado de pérdida Fuente de la clasificación o esquema de estantería Fecha de adquisición Biblioteca de origen Biblioteca actual Código de barras Precio de reemplazo Signatura topográfica completa No para préstamo Tipo de ítem Koha Nota no pública
      Clasificación Decimal Dewey 24/09/2025 Casa México Paris Casa México Paris 010640 24/09/2025 907.2 C834n   Livre 751145101